आभाळात गेलेली माणसं (Record no. 832558)

MARC details
000 -LEADER
fixed length control field 00597nam a2200169Ia 4500
008 - FIXED-LENGTH DATA ELEMENTS--GENERAL INFORMATION
fixed length control field 110201s9999 xx 000 0 und d
082 ## - DEWEY DECIMAL CLASSIFICATION NUMBER
Item number B6989
Classification number S 1040
100 ## - MAIN ENTRY--PERSONAL NAME
Personal name सोनवणी संजय
245 ## - TITLE STATEMENT
Title आभाळात गेलेली माणसं
260 ## - PUBLICATION, DISTRIBUTION, ETC. (IMPRINT)
Name of publisher, distributor, etc पुष्प प्रकाशन लि.
365 ## - TRADE PRICE
Price amount 110
600 ## - SUBJECT ADDED ENTRY--PERSONAL NAME
Personal name सोनवणी संजय
630 ## - SUBJECT ADDED ENTRY--UNIFORM TITLE
Uniform title आभाळात गेलेली माणसं
700 ## - ADDED ENTRY--PERSONAL NAME
Personal name सोनवणी संजय
730 ## - ADDED ENTRY--UNIFORM TITLE
Uniform title आभाळात गेलेली माणसं
942 ## - ADDED ENTRY ELEMENTS (KOHA)
Koha item type Book
Holdings
Withdrawn status Lost status Damaged status Not for loan Home library Current library Date acquired Cost, normal purchase price Total Checkouts Barcode Date last seen Cost, replacement price Price effective from Koha item type
        Prof.Manikrao Kirtane Vachanalaya, Vashi, Navi Mumbai Prof.Manikrao Kirtane Vachanalaya, Vashi, Navi Mumbai 02/01/2011 110.00   PMKV-B6989 02/01/2011 110.00 02/01/2011 Book